000 00268nam a22001217a 4500
003 SGT
082 _a641.3
_bI16S
100 _aSETHI, MOHINI
245 _aINSTITUTIONAL FOOD MANAGEMENT
260 _aDELHI
_bNEW AGE PUB.
_c2016
300 _a624
942 _2ddc
_cBK
_095
999 _c12085
_d12085